Psicología del adulto mayor : para una vejez saludable (Registro nro. 7300)
[ vista simple ]
| 000 -Cabecera | |
|---|---|
| Campo de control de longitud fija | 00637nam a22002417a 4500 |
| 005 - Fecha y hora de la última transacción | |
| Campo de control | 20231005163056.0 |
| 008 - Elementos de longitud fija--Información general | |
| Campo de control de longitud fija | 160112b2012 xxu||||| |||| 00| 0 spa d |
| 020 ## - International Standard Book Number | |
| Número Internacional Estándar del Libro (ISBN) | 9789972233517 |
| 041 ## - Idioma | |
| Código de idioma | Español |
| 082 ## - Clasificación Decimal Dewey | |
| Número de clasificación | 305.26 P974p |
| 245 ## - Título propiamente dicho | |
| Título | Psicología del adulto mayor : para una vejez saludable |
| 260 ## - Pie de imprenta | |
| Lugar de publicación, distribución, etc. | Perú |
| Nombre del editor, distribuidor, etc. | Mirbet |
| Fecha de publicación, distribución, etc. | 2012 |
| 300 ## - Descripción física | |
| Extensión | 135 páginas |
| 650 ## - Materia general | |
| Temática (materia general) | GERONTOLOGIA |
| 650 ## - Materia general | |
| Temática (materia general) | GERIATRIA |
| 650 ## - Materia general | |
| Temática (materia general) | VEJEZ |
| 650 ## - Materia general | |
| Temática (materia general) | PSICOLOGIA |
| 650 ## - Materia general | |
| Temática (materia general) | SEXUALIDAD |
| 650 ## - Materia general | |
| Temática (materia general) | DUELO |
| 650 ## - Materia general | |
| Temática (materia general) | TERAPIA OCUPACIONAL |
| 650 ## - Materia general | |
| Temática (materia general) | PSICOLOGIA DEL DESARROLLO |
| 942 ## - Punto de acceso adicional KOHA | |
| Tipo de ítem KOHA | Libro |
| Fuente del sistema de clasificación o colocación | Dewey Decimal Classification |
| Signatura completa | Código de barras | Tipo de ítem |
|---|---|---|
| 305.26 P974p | 19977 | Libro |